000 00721nam a22002417a 4500
003 UA-OsUOA
001 39729
007 ta
008 20080516b un ||||| |||| 00| 0 ukr d
100 _aЛобач К.В.
090 _a94(477).072
_bЛ68
942 _cBR
040 _aUA-OsUOA
_bukr
_cUA-OsUOA
_dUA-OsUOA
245 _aНепмани на споживчому ринку України (20-ті роки)
300 _a41 с.
955 _a1
041 _aukr
080 _a94(477).072
260 _aК.
_bІнститут історії України
_c1994
246 3 1 _aСерія: Історичні зошити
650 7 _a9 Географія. Біографії. Історія
_2UDC
999 _c438238
_d438238